| 000 | 00785nam a2200229 i 4500 | ||
|---|---|---|---|
| 001 | 133317 | ||
| 003 | ES-MaACL | ||
| 005 | 20230906194356.0 | ||
| 007 | t| | ||
| 008 | 070214s1964 sp r ||||1| spa d | ||
| 100 | 1 |
_aRotha, Paul. _999960 |
|
| 245 | 1 | 3 |
_aEl cine hasta hoy _b: panorama del cine mundial / _cPaul Rotha ; con la colaboración de Richard Griffith ; traducción de Francisco Elías. |
| 260 |
_aBarcelona : _bPlaza & Janés, _c1964. |
||
| 300 |
_a631 p., 48 lám. ; _c24 cm. |
||
| 490 | 1 | _aBiblioteca de ampliación cultural | |
| 650 | 4 |
_aCine- _vHistoria. _9171029 |
|
| 700 | 1 |
_aGriffith, Richard. _960006 |
|
| 700 | 1 |
_aElías, Francisco. _946960 |
|
| 830 | 1 |
_aBiblioteca de ampliación cultural _9186925 |
|
| 852 |
_aES-MaACL _jC-25870 |
||
| 999 |
_c133317 _d133317 |
||